60 rokov SLTŠ v Banskej Štiavnici

Bibliographic Details
Main Author: Petrikovič, Štefan (Author)
Format: Article
Language:Slovak
Subjects:

MARC

LEADER 00000nab a2200000 a 4500
001 vtls000044632
003 SK-MaSNL
005 20260304172459.0
008 250526c1979 xo 0 slo
015 |a SNBRB19rr/mm-uuuuu 
035 |a CL0054727 
035 |a urn:nbn:sk:snk-ab2c20 
035 |a (urnnbn)urn:nbn:sk:snk:ar-a023zl 
035 |a (uuid)96507035-6984-492a-b8cc-69845e1556a0 
040 |a SNKBUCL  |b slo  |c SNKBUCL  |e AACR2 
041 0 |a slo 
044 |a xo  |c SK 
080 |a 373.6  |2 1981 
100 1 |a Petrikovič, Štefan  |4 aut  |9 1501912 
245 1 0 |a 60 rokov SLTŠ v Banskej Štiavnici  |c Štefan Petrikovič 
650 0 7 |a stredné lesnícke školy  |2 snkbucl  |9 18103 
650 0 7 |a Stredná lesnícka technická škola, Banská Štiavnica  |2 snkbucl  |9 1501742 
655 7 |a články z novín a časopisov  |2 snkbucl  |9 267496 
773 0 |t Les  |g Roč. 35, č. 11 (1979), s. 520-521 
850 |a Slovenská národná knižnica 
852 |a Slovenská národná knižnica 
954 |a odborná, vedecká literatúra pôvodná (slovenská)  |2 lita 
958 |a ONDV 
958 |a article2022 
958 |a RK 
992 |a RBX 
999 |c 2998724  |d 3000654